Jornades sobre els centres diürns de serveis socials per a la infància i l'adolescència : conclusions conclusions
Descripción Física:
[8] f. : mecanografiats ; 30 cm
MARC
| LEADER | 00000nam a2200000Ia 4500 | ||
|---|---|---|---|
| 001 | 7651 | ||
| 003 | BGR | ||
| 005 | 20260324175415.0 | ||
| 008 | 160829s9999 xx 000 0 cat d | ||
| 080 | |a FU-20-15 | ||
| 111 | |a Jornades sobre els Centres Diürns de Serveis Socials per a la Infància i l'Adolescència |9 71309 |c (Barcelona : |d 1985) | ||
| 245 | |a Jornades sobre els centres diürns de serveis socials per a la infància i l'adolescència : |b conclusions | ||
| 260 | |a Barcelona : |b Diputació de Barcelona. Servei de Serveis Socials, [1985?] | ||
| 300 | |a [8] f. : |b mecanografiats ; |c 30 cm | ||
| 650 | 0 | |a Infants |x Assistència institucional |x Barcelona (Catalunya : Província) |9 24657 | |
| 650 | 0 | |a Adolescents |x Assistència institucional |x Barcelona (Catalunya : Província) |9 31486 | |
| 650 | |a Centres d'acolliment |x Barcelona (Província) |9 23928 | ||
| 710 | |a Barcelona (Catalunya : Província). |b Servei de Serveis Socials |9 2896 | ||
| 901 | |a Arxiu | ||
| 942 | |n 1 |2 udc |c JC | ||
| 952 | |0 0 |1 0 |4 0 |6 FU2015 |7 1 |9 45885 |a Arxiu |b Arxiu |d 2016-12-01 |l 0 |o FU-20-15 |p 7651 |r 2016-12-01 00:00:00 |w 2016-12-01 |y ARXIU | ||
| 999 | |c 49386 |d 49386 | ||